[Event "HUN-chT2 Breyer 1617"]
[Site "Hungary"]
[Date "2016.12.11"]
[Round "4.8"]
[White "Albert, Kornelia"]
[Black "Csapo, Zoltan"]
[Result "1/2-1/2"]
[WhiteElo "2057"]
[BlackElo "1898"]
[PlyCount "85"]
[EventDate "2016.10.30"]
[EventType "team-tourn"]
[EventRounds "9"]
[EventCountry "HUN"]
[SourceTitle "EXT 2021"]
[Source "ChessBase"]
[SourceDate "2020.10.23"]
[SourceVersion "1"]
[SourceVersionDate "2020.10.23"]
[SourceQuality "1"]
[WhiteTeam "Budapest MLTC"]
[BlackTeam "Vizugy"]
[WhiteTeamCountry "HUN"]
[BlackTeamCountry "HUN"]

1. e4 e5 2. Nf3 Nc6 3. Bb5 Nge7 4. d4 exd4 5. Nxd4 Ng6 6. 0-0 a6 7. Nxc6 bxc6 8. Bc4 Bc5 9. Nc3 d6 10. Kh1 0-0 11. f4 Qh4 12. Qd3 Be6 13. Bxe6 fxe6 14. g3 Qf6 15. Be3 Bxe3 16. Qxe3 Rab8 17. b3 c5 18. Rad1 Rb4 19. e5 Qe7 20. exd6 cxd6 21. Rfe1 Qb7+ 22. Kg1 e5 23. Rxd6 exf4 24. Qe6+ Kh8 25. Qd5 Qc8 26. Qe6 fxg3 27. hxg3 Qb8 28. Nd5 Rd4 29. Re3 c4 30. Rb6 Qa8 31. bxc4 Rd1+ 32. Re1 Rd2 33. Rxa6 Qb8 34. Qd6 Qb2 35. Qc5 Rxc2 36. Nb4 Rd8 37. Rae6 Rc1 38. Qe5 Rxe1+ 39. Qxe1 Qd4+ 40. Qe3 Qd1+ 41. Qe1 Qd4+ 42. Qe3 Qd1+ 43. Qe1 1/2-1/2

[Event "Budapest FS06 FM"]
[Site "Budapest"]
[Date "2016.06.11"]
[Round "8"]
[White "Zoldy, Robert"]
[Black "Csapo, Zoltan"]
[Result "0-1"]
[WhiteElo "1948"]
[BlackElo "1965"]
[PlyCount "126"]
[EventDate "2016.06.04"]
[EventType "tourn"]
[EventRounds "10"]
[EventCountry "HUN"]
[SourceTitle "CBM 172 Extra"]
[Source "ChessBase"]
[SourceDate "2016.06.21"]
[SourceVersion "1"]
[SourceVersionDate "2016.06.21"]
[SourceQuality "1"]

1. e4 e5 2. Nc3 Nc6 3. g3 b6 4. Bg2 Bb7 5. Nge2 Nd4 6. 0-0 Bc5 7. Na4 Be7 8. Nac3 Nf6 9. d3 d6 10. Nd5 Nxd5 11. exd5 Nf5 12. f4 g6 13. c4 0-0 14. Nc3 exf4 15. Bxf4 Bf6 16. Kh1 Qd7 17. Bh3 Bxc3 18. bxc3 Nxg3+ 19. Bxg3 Qxh3 20. Rf3 Qd7 21. Rf6 Rae8 22. Qf3 Re6 23. Rf1 Rxf6 24. Qxf6 Re8 25. Kg1 Qe7 26. Qxe7 Rxe7 27. Bh4 Re3 28. Bf6 h6 29. Kf2 Rxd3 30. Re1 g5 31. Re7 Ba6 32. Rxc7 Kh7 33. Rxf7+ Kg6 34. Rxa7 Bxc4 35. Bd4 Bxd5 36. Ra6 Rf3+ 37. Ke1 Kf5 38. Rxb6 Ke4 39. Rxd6 Rh3 40. Rd8 Bxa2 41. Re8+ Kd3 42. Re2 Bc4 43. Rd2+ Ke4 44. Bg1 Bd3 45. c4 Rf3 46. Bf2 h5 47. c5 Kd5 48. Rb2 Rf7 49. Rb6 Re7+ 50. Kd1 Re2 51. Rf6 Ke5 52. Rf8 Rc2 53. Re8+ Kf5 54. Bg3 Rxc5 55. Kd2 Be4 56. Ke3 Bc6 57. Rd8 h4 58. Bb8 Rc3+ 59. Kd2 Ra3 60. Ke2 Ke4 61. Rd2 Bb5+ 62. Kd1 Bd3 63. Bc7 Ra1# 0-1

[Event "Budapest FS06 FM"]
[Site "Budapest"]
[Date "2016.06.07"]
[Round "4"]
[White "Bensaid, Simon"]
[Black "Csapo, Zoltan"]
[Result "0-1"]
[WhiteElo "1886"]
[BlackElo "1965"]
[PlyCount "60"]
[EventDate "2016.06.04"]
[EventType "tourn"]
[EventRounds "10"]
[EventCountry "HUN"]
[SourceTitle "CBM 172 Extra"]
[Source "ChessBase"]
[SourceDate "2016.06.21"]
[SourceVersion "1"]
[SourceVersionDate "2016.06.21"]
[SourceQuality "1"]

1. e4 e5 2. Nf3 Nc6 3. Bb5 Nge7 4. Nc3 Ng6 5. d4 exd4 6. Nxd4 Bc5 7. Be3 Bxd4 8. Bxd4 Qg5 9. g3 Nxd4 10. Qxd4 c6 11. f4 Qe7 12. Be2 0-0 13. 0-0-0 Rd8 14. h4 d6 15. h5 Nf8 16. e5 d5 17. g4 Ne6 18. Qf2 f6 19. f5 Ng5 20. exf6 Qxf6 21. h6 gxh6 22. Rh5 Bd7 23. Qh4 Kg7 24. Rh1 Nf7 25. g5 hxg5 26. Rxh7+ Kg8 27. Qh5 Be8 28. Bg4 Kf8 29. Re1 Ne5 30. Rxe5 Bxh5 0-1

[Event "Budapest FS06 FM"]
[Site "Budapest"]
[Date "2016.06.04"]
[Round "1"]
[White "Kaibinger, Karoly"]
[Black "Csapo, Zoltan"]
[Result "0-1"]
[WhiteElo "1826"]
[BlackElo "1965"]
[PlyCount "50"]
[EventDate "2016.06.04"]
[EventType "tourn"]
[EventRounds "10"]
[EventCountry "HUN"]
[SourceTitle "CBM 172 Extra"]
[Source "ChessBase"]
[SourceDate "2016.06.21"]
[SourceVersion "1"]
[SourceVersionDate "2016.06.21"]
[SourceQuality "1"]

1. e4 e5 2. Nf3 Nc6 3. Bb5 Nge7 4. c3 f5 5. d3 d6 6. Nbd2 Ng6 7. Nf1 f4 8. h3 Be7 9. Bc4 Na5 10. Qa4+ c6 11. Qc2 Nxc4 12. dxc4 Be6 13. b3 0-0 14. Bb2 Qb6 15. N1h2 Rad8 16. 0-0-0 d5 17. cxd5 cxd5 18. Ng4 Qa5 19. Nfxe5 Nxe5 20. Nxe5 Qxa2 21. Rxd5 Bxd5 22. exd5 Rxd5 23. c4 Rxe5 24. Bxe5 Ba3+ 25. Bb2 Qa1+ 0-1

[Event "Budapest Spring op"]
[Site "Budapest"]
[Date "2016.03.25"]
[Round "7"]
[White "Gyorkos, Lajos"]
[Black "Csapo, Zoltan"]
[Result "1-0"]
[WhiteElo "2371"]
[BlackElo "1951"]
[PlyCount "63"]
[EventDate "2016.03.18"]
[EventType "swiss"]
[EventRounds "9"]
[EventCountry "HUN"]
[SourceTitle "CBM 171 Extra"]
[Source "ChessBase"]
[SourceDate "2016.04.26"]
[SourceVersion "1"]
[SourceVersionDate "2016.04.26"]
[SourceQuality "1"]

1. Nf3 Nf6 2. g3 g6 3. Bg2 Bg7 4. d4 d6 5. b3 c5 6. Bb2 Qa5+ 7. Qd2 Qa6 8. 0-0 0-0 9. c4 Nc6 10. Nc3 Bf5 11. d5 Nb8 12. Nh4 Bd7 13. e4 Qa5 14. Rfe1 Na6 15. Nf3 Nc7 16. Qc1 Ng4 17. Ne2 Bh6 18. Qc2 f6 19. Bc3 Qa3 20. Bb2 Qa5 21. h3 Ne5 22. Nxe5 dxe5 23. f4 Bg7 24. Bc3 Qa3 25. Nc1 exf4 26. gxf4 e5 27. fxe5 fxe5 28. Nd3 Rae8 29. Rf1 Qa6 30. Rxf8+ Kxf8 31. Nxc5 Qb6 32. Qf2+ 1-0

[Event "Budapest Spring op"]
[Site "Budapest"]
[Date "2016.03.22"]
[Round "4"]
[White "Csapo, Zoltan"]
[Black "Forgacs, Andras"]
[Result "1-0"]
[WhiteElo "1951"]
[BlackElo "1693"]
[PlyCount "57"]
[EventDate "2016.03.18"]
[EventType "swiss"]
[EventRounds "9"]
[EventCountry "HUN"]
[SourceTitle "CBM 171 Extra"]
[Source "ChessBase"]
[SourceDate "2016.04.26"]
[SourceVersion "1"]
[SourceVersionDate "2016.04.26"]
[SourceQuality "1"]

1. e4 c6 2. d4 d5 3. Nc3 dxe4 4. Nxe4 Bf5 5. Qf3 Bxe4 6. Qxe4 Nf6 7. Qh4 e6 8. Bd3 h6 9. Ne2 Nbd7 10. 0-0 Bd6 11. f4 Qb6 12. Kh1 g6 13. c4 c5 14. d5 exd5 15. f5 dxc4 16. Bxc4 Be7 17. fxg6 fxg6 18. Qh3 0-0-0 19. Nf4 g5 20. Ng6 Rh7 21. Nxe7+ Rxe7 22. Qxh6 Ne5 23. Bxg5 Neg4 24. Rxf6 Qxb2 25. Qh3 Qxa1+ 26. Rf1 Qd4 27. Bxe7 Qxc4 28. Qf3 Rd7 29. Bh4 1-0

[Event "HUN-chT2 Breyer 1516"]
[Site "Hungary"]
[Date "2015.10.04"]
[Round "2.10"]
[White "Csapo, Zoltan"]
[Black "Kiss, Istvan"]
[Result "1-0"]
[WhiteElo "2005"]
[BlackElo "1774"]
[PlyCount "45"]
[EventDate "2015.09.13"]
[EventType "team-tourn"]
[EventRounds "11"]
[EventCountry "HUN"]
[SourceTitle "CBM 170 Extra"]
[Source "ChessBase"]
[SourceDate "2016.02.25"]
[SourceVersion "1"]
[SourceVersionDate "2016.02.25"]
[SourceQuality "1"]
[WhiteTeam "Vizugy"]
[BlackTeam "Nyergesujfalu"]
[WhiteTeamCountry "HUN"]
[BlackTeamCountry "HUN"]

1. e4 g6 2. d4 Bg7 3. Nc3 d6 4. Bg5 Nf6 5. e5 dxe5 6. dxe5 Qxd1+ 7. Rxd1 Ng4 8. Nd5 Bxe5 9. Nf3 Bd6 10. Bxe7 Be6 11. Bxd6 Bxd5 12. Bxc7 Nf6 13. c4 Na6 14. Be5 Bxf3 15. gxf3 Ke7 16. Bd6+ Ke8 17. Bh3 Nh5 18. 0-0 f5 19. Rfe1+ Kf7 20. Re7+ Kf6 21. Rxb7 Kg5 22. Bf1 Rhd8 23. Be7+ 1-0

[Event "Budapest Duna op"]
[Site "Budapest"]
[Date "2015.09.25"]
[Round "3"]
[White "Halak, Miklos"]
[Black "Csapo, Zoltan"]
[Result "1-0"]
[WhiteElo "2253"]
[BlackElo "2005"]
[PlyCount "87"]
[EventDate "2015.09.23"]
[EventType "swiss"]
[EventRounds "9"]
[EventCountry "HUN"]
[SourceTitle "CBM 168 Extra"]
[Source "ChessBase"]
[SourceDate "2015.10.29"]
[SourceVersion "1"]
[SourceVersionDate "2015.10.29"]
[SourceQuality "1"]

1. e4 e5 2. Nf3 Nc6 3. Nc3 d6 4. d4 exd4 5. Nxd4 Nf6 6. Nxc6 bxc6 7. Bc4 Be7 8. 0-0 0-0 9. Re1 Rb8 10. Bb3 c5 11. Qe2 Re8 12. Bf4 Bf8 13. Rad1 Rb4 14. a3 Rd4 15. f3 Rxd1 16. Rxd1 Nh5 17. Be3 Qf6 18. Qb5 Qd8 19. Qa5 a6 20. Bc4 Bb7 21. b4 g6 22. Bxa6 Bxa6 23. Qxa6 Qa8 24. Qxa8 Rxa8 25. Nb5 cxb4 26. axb4 Rc8 27. Rd3 Ng7 28. Na7 Ra8 29. b5 Ne6 30. c4 Nc5 31. Bxc5 dxc5 32. Ra3 Bd6 33. Ra6 f5 34. e5 Bf8 35. Nc6 Rc8 36. Kf2 Kf7 37. e6+ Ke8 38. Ra3 Bd6 39. Rd3 Ra8 40. b6 Ra2+ 41. Kf1 Rb2 42. bxc7 Bxc7 43. Rd7 Bxh2 44. Rd8# 1-0

[Event "Budapest Duna op"]
[Site "Budapest"]
[Date "2015.09.24"]
[Round "2"]
[White "Csapo, Zoltan"]
[Black "Madl, Ildiko"]
[Result "0-1"]
[WhiteElo "2005"]
[BlackElo "2366"]
[PlyCount "102"]
[EventDate "2015.09.23"]
[EventType "swiss"]
[EventRounds "9"]
[EventCountry "HUN"]
[SourceTitle "CBM 168 Extra"]
[Source "ChessBase"]
[SourceDate "2015.10.29"]
[SourceVersion "1"]
[SourceVersionDate "2015.10.29"]
[SourceQuality "1"]

1. e4 c5 2. Nf3 d6 3. c3 Nf6 4. e5 dxe5 5. Nxe5 Nbd7 6. Nc4 Qc7 7. a4 e6 8. Nba3 a6 9. Be2 Be7 10. Bf3 0-0 11. 0-0 Nd5 12. d3 N7f6 13. Re1 b6 14. Ne5 Bb7 15. Bg5 Rad8 16. Bh4 Qc8 17. Nac4 Rfe8 18. Qb3 Ba8 19. Rad1 Qc7 20. Bg3 Qa7 21. h3 Bf8 22. Ng4 Nd7 23. d4 cxd4 24. Rxd4 Nc5 25. Qd1 Be7 26. a5 b5 27. Bxd5 Bxd5 28. Nb6 Bb3 29. Qf3 Qb7 30. Qe3 f5 31. Ne5 Ne4 32. Ned7 Bd5 33. Rxd5 exd5 34. f3 Rxd7 35. Nxd7 Qxd7 36. fxe4 dxe4 37. Qb6 Qc8 38. Bf2 Bd8 39. Qa7 Re7 40. Qc5 Qxc5 41. Bxc5 Rd7 42. Bd4 Kf7 43. g4 g6 44. gxf5 gxf5 45. Kg2 Ke6 46. Rd1 f4 47. Kf1 Bf6 48. Ke2 Bxd4 49. cxd4 Kd5 50. Rf1 Rf7 51. Rd1 Rc7 0-1

[Event "Budapest FS07 FM-A"]
[Site "Budapest"]
[Date "2015.07.13"]
[Round "9"]
[White "Csapo, Zoltan"]
[Black "Shaw, Robin A"]
[Result "1-0"]
[WhiteElo "1974"]
[BlackElo "1823"]
[PlyCount "49"]
[EventDate "2015.07.04"]
[EventType "tourn"]
[EventRounds "9"]
[EventCountry "HUN"]
[SourceTitle "CBM 167 Extra"]
[Source "ChessBase"]
[SourceDate "2015.09.14"]
[SourceVersion "1"]
[SourceVersionDate "2015.09.14"]
[SourceQuality "1"]

1. e4 g6 2. d4 Bg7 3. Nc3 d6 4. Bg5 h6 5. Bh4 Nc6 6. d5 Ne5 7. Be2 Nf6 8. f4 Ned7 9. Bf3 Nh7 10. Qd2 Bf6 11. Bxf6 Nhxf6 12. 0-0-0 e5 13. dxe6 fxe6 14. e5 dxe5 15. fxe5 Nh7 16. Nh3 g5 17. Bh5+ Ke7 18. Ne4 a5 19. Rhf1 Rf8 20. Rxf8 Qxf8 21. Bg6 Qg8 22. Bxh7 Qxh7 23. Nf6 Nxf6 24. Qd8+ Kf7 25. exf6 1-0

[Event "Budapest FS07 FM-A"]
[Site "Budapest"]
[Date "2015.07.12"]
[Round "8"]
[White "Steer, Jozsef"]
[Black "Csapo, Zoltan"]
[Result "1/2-1/2"]
[WhiteElo "1849"]
[BlackElo "1974"]
[PlyCount "45"]
[EventDate "2015.07.04"]
[EventType "tourn"]
[EventRounds "9"]
[EventCountry "HUN"]
[SourceTitle "CBM 167 Extra"]
[Source "ChessBase"]
[SourceDate "2015.09.14"]
[SourceVersion "1"]
[SourceVersionDate "2015.09.14"]
[SourceQuality "1"]

1. e4 e5 2. Nf3 Nc6 3. Nc3 Nge7 4. d4 exd4 5. Nxd4 g6 6. Be3 Bg7 7. Bc4 0-0 8. Bb3 Na5 9. Nf3 b6 10. Qd2 Ba6 11. 0-0-0 d6 12. Bh6 Nxb3+ 13. axb3 Nc6 14. Bxg7 Kxg7 15. Nd4 Bb7 16. Nxc6 Bxc6 17. f3 f5 18. Qd4+ Qf6 19. exf5 Qxd4 20. Rxd4 Rxf5 21. Rc4 Rc5 22. Rxc5 bxc5 23. Re1 1/2-1/2

[Event "Budapest FS07 FM-A"]
[Site "Budapest"]
[Date "2015.07.11"]
[Round "7"]
[White "Csapo, Zoltan"]
[Black "Modi, Jaishil Bhadrashil"]
[Result "1-0"]
[WhiteElo "1974"]
[BlackElo "1867"]
[PlyCount "82"]
[EventDate "2015.07.04"]
[EventType "tourn"]
[EventRounds "9"]
[EventCountry "HUN"]
[SourceTitle "CBM 167 Extra"]
[Source "ChessBase"]
[SourceDate "2015.09.14"]
[SourceVersion "1"]
[SourceVersionDate "2015.09.14"]
[SourceQuality "1"]

1. e4 c5 2. Ne2 Nc6 3. g3 g6 4. Bg2 Bg7 5. c3 d6 6. 0-0 e5 7. f4 Nge7 8. Na3 Be6 9. b3 Qd7 10. Nc4 h5 11. Ba3 b6 12. Ne3 Rc8 13. Nd5 h4 14. Rf2 Bh3 15. Nxe7 hxg3 16. hxg3 Kxe7 17. Qf1 Bxg2 18. Rxg2 Rh7 19. Qf3 Rch8 20. Kf2 Kd8 21. Rd1 f5 22. exf5 gxf5 23. Qd5 Kc7 24. d4 exd4 25. cxd4 Nxd4 26. Nc3 Rh1 27. Rxh1 Rxh1 28. Qa8 Qc6 29. Nd5+ Kd7 30. Qg8 Bh8 31. g4 Nc2 32. Qf7+ Kd8 33. Qf8+ Kd7 34. Qxf5+ Kd8 35. Kg3 Nxa3 36. Qf8+ Kd7 37. Qf7+ Kd8 38. Re2 Be5 39. fxe5 Rg1+ 40. Kh2 Rxg4 41. e6 Rg2+ 1-0

[Event "Budapest FS07 FM-A"]
[Site "Budapest"]
[Date "2015.07.08"]
[Round "5"]
[White "Csapo, Zoltan"]
[Black "Horvath, Dominik"]
[Result "0-1"]
[WhiteElo "1974"]
[BlackElo "2047"]
[PlyCount "54"]
[EventDate "2015.07.04"]
[EventType "tourn"]
[EventRounds "9"]
[EventCountry "HUN"]
[SourceTitle "CBM 167 Extra"]
[Source "ChessBase"]
[SourceDate "2015.09.14"]
[SourceVersion "1"]
[SourceVersionDate "2015.09.14"]
[SourceQuality "1"]

1. c4 Nf6 2. Nc3 g6 3. e4 d6 4. d4 Bg7 5. Bd3 0-0 6. Nge2 Nc6 7. f4 e5 8. fxe5 dxe5 9. d5 Nd4 10. Nxd4 exd4 11. Ne2 Re8 12. Ng3 Nxe4 13. Nxe4 f5 14. 0-0 fxe4 15. Bc2 e3 16. Qe2 Qh4 17. g3 Qg4 18. Bd3 Qxe2 19. Bxe2 Bf5 20. Rxf5 gxf5 21. Bd3 e2 22. Bd2 Bh6 23. Be1 Re3 24. Bxf5 d3 25. Kf2 Rf8 26. g4 Ree8 27. Kg2 d2 0-1

[Event "Budapest FS07 FM-A"]
[Site "Budapest"]
[Date "2015.07.07"]
[Round "4"]
[White "Cilia Vincenti, David"]
[Black "Csapo, Zoltan"]
[Result "0-1"]
[WhiteElo "2085"]
[BlackElo "1974"]
[PlyCount "64"]
[EventDate "2015.07.04"]
[EventType "tourn"]
[EventRounds "9"]
[EventCountry "HUN"]
[SourceTitle "CBM 167 Extra"]
[Source "ChessBase"]
[SourceDate "2015.09.14"]
[SourceVersion "1"]
[SourceVersionDate "2015.09.14"]
[SourceQuality "1"]

1. d4 Nf6 2. c4 g6 3. Nc3 Bg7 4. e4 d6 5. h3 Na6 6. Be3 0-0 7. Nf3 c5 8. d5 Nc7 9. Bd3 e5 10. 0-0 Nh5 11. Nh2 Nf4 12. Bxf4 exf4 13. Qd2 g5 14. Qe2 Ne8 15. Qh5 h6 16. Ng4 Bxg4 17. Qxg4 Nf6 18. Qf5 Re8 19. h4 Re5 20. Qh3 g4 21. Qh2 Nh5 22. Be2 Qd7 23. g3 f3 24. Bd3 Rae8 25. Kh1 R5e7 26. Qg1 Bd4 27. Rfe1 Re5 28. Bc2 Qe7 29. Ba4 Rf8 30. Kh2 Nf4 31. Qf1 Ng2 32. Red1 Nxh4 0-1

[Event "Budapest FS05 FM-A"]
[Site "Budapest"]
[Date "2015.05.11"]
[Round "9"]
[White "Csapo, Zoltan"]
[Black "Tugstumur, Yesuntumur"]
[Result "0-1"]
[WhiteElo "2012"]
[BlackElo "1804"]
[PlyCount "78"]
[EventDate "2015.05.02"]
[EventType "tourn"]
[EventRounds "9"]
[EventCountry "HUN"]
[SourceTitle "CBM 166 Extra"]
[Source "ChessBase"]
[SourceDate "2015.06.18"]
[SourceVersion "1"]
[SourceVersionDate "2015.06.18"]
[SourceQuality "1"]

1. e4 c5 2. Nf3 d6 3. c3 Nf6 4. e5 dxe5 5. Nxe5 e6 6. Be2 Nbd7 7. Nc4 Be7 8. 0-0 0-0 9. a4 b6 10. Bf3 Nd5 11. d4 Ba6 12. Nba3 cxd4 13. Qxd4 Bc5 14. Qe4 Bxa3 15. Rxa3 Qc7 16. Be2 N7f6 17. Qh4 Rac8 18. b3 Nxc3 19. Bd3 Rfd8 20. Qh3 Ncd5 21. f4 Nb4 22. Bb1 Qc5+ 23. Be3 Qh5 24. Qxh5 Nxh5 25. Rc1 Nf6 26. h3 Rd7 27. Kf2 Rdc7 28. Rd1 Nfd5 29. Bd4 Bxc4 30. bxc4 Rxc4 31. Rg3 g6 32. f5 Nc2 33. Be5 Re4 34. Bd6 Nc3 35. Rxc3 Rxc3 36. Be7 Rd4 37. Rc1 Ne3 38. Re1 Rd2+ 39. Kg1 Rd1 0-1

[Event "Budapest FS05 FM-A"]
[Site "Budapest"]
[Date "2015.05.08"]
[Round "6"]
[White "Csapo, Zoltan"]
[Black "Hocevar, Nikola"]
[Result "1-0"]
[WhiteElo "2012"]
[BlackElo "1916"]
[PlyCount "57"]
[EventDate "2015.05.02"]
[EventType "tourn"]
[EventRounds "9"]
[EventCountry "HUN"]
[SourceTitle "CBM 166 Extra"]
[Source "ChessBase"]
[SourceDate "2015.06.18"]
[SourceVersion "1"]
[SourceVersionDate "2015.06.18"]
[SourceQuality "1"]

1. e4 c5 2. Nf3 Nc6 3. a3 Nf6 4. Nc3 d6 5. h3 g6 6. Bc4 Bg7 7. 0-0 0-0 8. Rb1 e6 9. Re1 d5 10. exd5 exd5 11. Ba2 d4 12. Ne2 b6 13. d3 Nd5 14. Bg5 Qd7 15. Qd2 Bb7 16. Bh6 Rae8 17. Ng3 Nd8 18. Re4 Rxe4 19. dxe4 Ne7 20. Bxg7 Kxg7 21. Qg5 Ng8 22. Nh5+ Kh8 23. Nf6 Nxf6 24. Qxf6+ Kg8 25. Ne5 Qe8 26. Ng4 h5 27. Qxg6+ Kh8 28. Qh6+ Kg8 29. Nf6# 1-0

[Event "Budapest FS05 FM-A"]
[Site "Budapest"]
[Date "2015.05.06"]
[Round "5"]
[White "Nagy, Laszlo"]
[Black "Csapo, Zoltan"]
[Result "1-0"]
[WhiteElo "1938"]
[BlackElo "2012"]
[PlyCount "49"]
[EventDate "2015.05.02"]
[EventType "tourn"]
[EventRounds "9"]
[EventCountry "HUN"]
[SourceTitle "CBM 166 Extra"]
[Source "ChessBase"]
[SourceDate "2015.06.18"]
[SourceVersion "1"]
[SourceVersionDate "2015.06.18"]
[SourceQuality "1"]

1. d4 b5 2. e4 Bb7 3. Bd3 Nf6 4. f3 b4 5. Ne2 e6 6. c4 bxc3 7. Nbxc3 c5 8. Be3 cxd4 9. Nxd4 Nc6 10. Nxc6 Bxc6 11. 0-0 Qa5 12. Qd2 Rb8 13. a3 Be7 14. b4 Qc7 15. Rfc1 Bd6 16. g3 h5 17. Nb5 Rxb5 18. Bxb5 Be5 19. Ra2 Qb7 20. Bxc6 dxc6 21. Rac2 0-0 22. Rxc6 h4 23. g4 Qb8 24. a4 Rd8 25. Qxd8+ 1-0

[Event "Budapest Spring op 30th"]
[Site "Budapest"]
[Date "2014.03.18"]
[Round "5"]
[White "To, Nhat Minh"]
[Black "Csapo, Zoltan"]
[Result "1/2-1/2"]
[WhiteElo "2354"]
[BlackElo "2024"]
[PlyCount "98"]
[EventDate "2014.03.14"]
[EventType "swiss"]
[EventRounds "9"]
[EventCountry "HUN"]
[SourceTitle "CBM 159 Extra"]
[Source "ChessBase"]
[SourceDate "2014.04.24"]
[SourceVersion "1"]
[SourceVersionDate "2014.04.24"]
[SourceQuality "1"]

1. e4 e5 2. Nf3 Nc6 3. Bb5 Nge7 4. 0-0 Ng6 5. c3 d6 6. d4 Be7 7. d5 a6 8. Ba4 b5 9. dxc6 bxa4 10. Qxa4 0-0 11. Be3 Be6 12. Nbd2 f5 13. exf5 Rxf5 14. c4 Nf4 15. b4 Qe8 16. Bxf4 Rxf4 17. g3 Rg4 18. Rac1 Rb8 19. h3 Rg6 20. Kg2 Rb6 21. b5 axb5 22. cxb5 Rb8 23. Nc4 Ra8 24. Qc2 Bd5 25. Rfd1 Qf7 26. Qd3 Be6 27. b6 e4 28. Qxe4 d5 29. b7 Rf8 30. Qe2 dxc4 31. Rb1 Rf6 32. b8Q Rxf3 33. Qa7 Bxh3+ 34. Kh1 Bg4 35. Qe4 h5 36. Qxc7 Bc5 37. Qxf7+ R3xf7 38. Qxc4 Bxf2 39. Kh2 Kh8 40. Rd8 Bxg3+ 41. Kxg3 Rf3+ 42. Kh4 Rxd8 43. c7 g5+ 44. Kxg5 Rg8+ 45. Qxg8+ Kxg8 46. Rb8+ Kf7 47. c8Q Bxc8 48. Rxc8 Ra3 49. Kxh5 Rxa2 1/2-1/2

[Event "Budapest FS04 FM-A"]
[Site "Budapest"]
[Date "2013.04.15"]
[Round "9"]
[White "Bartha, Sandor"]
[Black "Csapo, Zoltan"]
[Result "1-0"]
[WhiteElo "2158"]
[BlackElo "2080"]
[PlyCount "77"]
[EventDate "2013.04.06"]
[EventType "tourn"]
[EventRounds "9"]
[EventCountry "HUN"]
[SourceTitle "CBM 154 Extra"]
[Source "ChessBase"]
[SourceDate "2013.06.25"]
[SourceVersion "2"]
[SourceVersionDate "2013.06.25"]
[SourceQuality "1"]

1. d4 Nf6 2. Nf3 g6 3. g3 Bg7 4. Bg2 d6 5. 0-0 0-0 6. c4 c5 7. d5 e6 8. dxe6 fxe6 9. Nc3 Nc6 10. Bg5 e5 11. Nd2 h6 12. Bxf6 Bxf6 13. Nde4 Be7 14. e3 Be6 15. b3 Qd7 16. Nd5 Rad8 17. Qd2 Kg7 18. Rad1 a6 19. Nec3 Bh3 20. a3 Bxg2 21. Kxg2 Rf7 22. b4 Bg5 23. Ne4 cxb4 24. axb4 Ne7 25. Ndc3 Qc6 26. Qd3 Ng8 27. Kg1 Be7 28. b5 Qc8 29. bxa6 bxa6 30. Nd5 h5 31. Nxe7 Nxe7 32. Nxd6 Qh3 33. Qe4 Rf6 34. c5 Qe6 35. Qb7 Rdf8 36. Ne4 Rf5 37. Rd7 R8f7 38. Nd6 Rxf2 39. Rxf2 1-0

[Event "Budapest FS04 FM-A"]
[Site "Budapest"]
[Date "2013.04.07"]
[Round "2"]
[White "Juracsik, Jozsef"]
[Black "Csapo, Zoltan"]
[Result "1-0"]
[WhiteElo "2157"]
[BlackElo "2080"]
[PlyCount "39"]
[EventDate "2013.04.06"]
[EventType "tourn"]
[EventRounds "9"]
[EventCountry "HUN"]
[SourceTitle "CBM 154 Extra"]
[Source "ChessBase"]
[SourceDate "2013.06.25"]
[SourceVersion "2"]
[SourceVersionDate "2013.06.25"]
[SourceQuality "1"]

1. e4 e5 2. Nf3 Nc6 3. Bb5 Nge7 4. c3 f5 5. d4 fxe4 6. Nxe5 Nxe5 7. dxe5 c6 8. Bc4 Ng6 9. Qh5 Qa5 10. Bf4 d5 11. Bb3 Bd7 12. 0-0 0-0-0 13. Bg3 Be7 14. Nd2 Qb6 15. c4 e3 16. cxd5 exd2 17. d6 Bxd6 18. exd6 Qd4 19. Qa5 h5 20. Qc7# 1-0

[Event "Budapest FS04 FM-A"]
[Site "Budapest"]
[Date "2013.04.06"]
[Round "1"]
[White "Csapo, Zoltan"]
[Black "Steer, Jozsef"]
[Result "1-0"]
[WhiteElo "2080"]
[BlackElo "2168"]
[PlyCount "57"]
[EventDate "2013.04.06"]
[EventType "tourn"]
[EventRounds "9"]
[EventCountry "HUN"]
[SourceTitle "CBM 154 Extra"]
[Source "ChessBase"]
[SourceDate "2013.06.25"]
[SourceVersion "2"]
[SourceVersionDate "2013.06.25"]
[SourceQuality "1"]

1. e4 c6 2. d3 d5 3. Nd2 dxe4 4. dxe4 e5 5. Ngf3 Bg4 6. h3 Bxf3 7. Qxf3 Nf6 8. Bc4 Nbd7 9. Qb3 Nc5 10. Bxf7+ Ke7 11. Qc4 Qd4 12. 0-0 Nfxe4 13. Nxe4 Qxc4 14. Bxc4 Nxe4 15. Re1 Nd6 16. Rxe5+ Kd7 17. Be6+ Kc7 18. Bf4 Rd8 19. Rd1 Be7 20. Re3 Rhf8 21. g3 g5 22. Be5 Bf6 23. Bg4 Bxe5 24. Rxe5 h6 25. Re7+ Kb6 26. Re6 Nf7 27. Rxd8 Rxd8 28. Bh5 Nd6 29. Rxh6 1-0

[Event "HUN-chT2 Erkel 1213"]
[Site "Hungary"]
[Date "2012.11.18"]
[Round "4.9"]
[White "Csapo, Zoltan"]
[Black "Kiraly, Zoltan"]
[Result "1-0"]
[WhiteElo "2081"]
[BlackElo "2031"]
[PlyCount "47"]
[EventDate "2012.09.16"]
[EventType "team-tourn"]
[EventRounds "11"]
[EventCountry "HUN"]
[SourceTitle "EXT 2014"]
[Source "ChessBase"]
[SourceDate "2013.11.20"]
[SourceVersion "1"]
[SourceVersionDate "2013.11.20"]
[SourceQuality "1"]
[WhiteTeam "Vizugy"]
[BlackTeam "Dunaharaszti"]
[WhiteTeamCountry "HUN"]
[BlackTeamCountry "HUN"]

1. e4 e6 2. d3 d5 3. Nd2 Nf6 4. Be2 c5 5. f4 Nc6 6. e5 Nd7 7. Ngf3 Be7 8. c4 f6 9. cxd5 exd5 10. e6 Nb6 11. f5 d4 12. a4 Nd5 13. Nc4 Qc7 14. 0-0 b6 15. Nh4 0-0 16. Bf3 Ndb4 17. Bf4 Qd8 18. Ng6 hxg6 19. fxg6 Bxe6 20. Bxc6 Nxc6 21. Qh5 Re8 22. Qh7+ Kf8 23. Bh6 gxh6 24. g7+ 1-0